Statistics for Fallen star - The Neighborhood lyrics

Click here to take the quiz!

General Stats

  • This quiz has been taken 9 times
  • The average score is 191 of 283

Answer Stats

Answer% Correct
star
100%
the
100%
to
100%
we
100%
a
89%
all
89%
are
89%
hear
89%
I
89%
i
89%
me
89%
my
89%
you
89%
apart
78%
away
78%
be
78%
can
78%
closer
78%
fall
78%
far
78%
for
78%
from
78%
further
78%
Further
78%
gave
78%
hard
78%
in
78%
keep
78%
like
78%
no
78%
that
78%
the closer
78%
try
78%
can't
67%
DNA
67%
heart
67%
I'll
67%
not
67%
when
67%
your
67%
2020
56%
but
56%
everybody
56%
find
56%
might
56%
millionaire
56%
right
56%
some
56%
tell
56%
time
56%
we're
56%
what
56%
you're
56%
blame
44%
feel
44%
how
44%
it's
44%
lifeline
44%
matter
44%
night
44%
pipeline
44%
reason
44%
run
44%
runnin'
44%
sky
44%
through
44%
Tryna
44%
veins
44%
wanna
44%
why
44%
years
44%
always
33%
brain
33%
clear
33%
disappear
33%
hindsight
33%
if
33%
inside
33%
light
33%
limelight
33%
same
33%
shinin'
33%
something
33%
there
33%
zeitgeist
33%
and
22%
change
22%
distance
22%
do
22%
I'm
22%
leave
22%
lookin'
22%
now
22%
on
22%
or
22%
rear
22%
stuck
22%
take
22%
train
22%
vision
22%
wrong
22%
found
11%
had
11%
here
11%
meant
11%
mind
11%
never
11%
new
11%
one-way
11%
place
11%
room
11%
still
11%
that's
11%
things
11%
wasn't
11%
went
11%

Score Distribution

Percentile by Number Answered

Percent of People with Each Score

Your Score History

You have not taken this quiz